K PROBLEMATIKE VZŤAHU ETNOGRAFIE A SOCIOLÓGIE

Bibliographic Details
Main Author: Pranda, Adam, 1924-1984 (Author)
Format: Article
Language:Slovak

MARC

LEADER 00000nab a2200000ua 4500
001 vtls010802162
003 SK-MaSNL
005 20260303152945.0
008 230222s1973 xo |||||||||||||||||slo|
035 |a (urnnbn)urn:nbn:sk:snk:ar-a03779 
035 |a (uuid)1b9c2e40-950b-4c03-8c36-6eef37653a0f 
035 |a urn:nbn:sk:snk-ab53ux 
040 |a SNKBUCL  |b slo  |c SNKBUCL  |e AACR2 
041 0 |a slo 
044 |a xo  |c SK 
100 1 |a Pranda, Adam,  |d 1924-1984  |4 aut  |9 107030 
245 1 0 |a K PROBLEMATIKE VZŤAHU ETNOGRAFIE A SOCIOLÓGIE  |c Adam Pranda 
773 0 |t Slovenský národopis : časopis Slovenskej akadémie vied  |g Roč. 21, č. 3 (1973), s. 359-[374] 
954 |a odborná, vedecká literatúra pôvodná (slovenská)  |2 lita 
958 |a OND 
958 |a EUIPO 
958 |a article3 
999 |c 2025613  |d 2027543